Loading...
| Geography | 2 | 0 | 0 | 0 | 30 | 17 | 25.50 | 0 | 2 |
| History - European History | 1 | 1 | 0 | 0 | 25 | 72 | 101.50 | 1 | 2 |
| History - World History | 0 | 3 | 1 | 1 | 25 | 92 | 114.67 | 0 | 1 |
| Social Science | 0 | 2 | 0 | 0 | 20 | 116 | 125.50 | 0 | 2 |
| Literature - American Literature | 0 | 2 | 0 | 0 | 20 | 154 | 158.50 | 0 | 2 |
| Religion | 0 | 2 | 1 | 0 | 15 | 113 | 122.50 | 0 | 2 |
| Fine Arts - Auditory Fine Arts | 0 | 1 | 0 | 1 | 10 | 164 | 164.00 | 0 | 1 |
| Fine Arts - Visual Fine Arts | 0 | 1 | 0 | 0 | 10 | 149 | 149.00 | 0 | 1 |
| Literature - British Literature | 0 | 1 | 0 | 1 | 10 | 162 | 162.00 | 0 | 0 |
| Literature - World Literature | 0 | 1 | 0 | 1 | 10 | 160 | 160.00 | 0 | 1 |
| Other Academic | 0 | 1 | 0 | 0 | 10 | 88 | 88.00 | 0 | 1 |
| Fine Arts - Other Fine Arts | 0 | 1 | 1 | 0 | 5 | 145 | 145.00 | 0 | 1 |
| History - Ancient/Other History | 0 | 1 | 1 | 1 | 5 | 144 | 144.00 | 0 | 1 |
| History - American History | 0 | 1 | 2 | 0 | 0 | 99 | 99.00 | 0 | 1 |
| Science - Biology | 0 | 0 | 0 | 0 | 0 | 0.00 | 0 | 0 | |
| Science - Other Science | 0 | 0 | 0 | 0 | 0 | 0.00 | 0 | 0 | |
| Philosophy | 0 | 0 | 0 | 0 | 0 | 0.00 | 0 | 0 | |
| Science - Chemistry | 0 | 0 | 0 | 0 | 0 | 0.00 | 0 | 0 | |
| Literature - European Literature | 0 | 0 | 1 | 0 | -5 | 0.00 | 0 | 0 | |
| Mythology | 0 | 0 | 1 | 0 | -5 | 0.00 | 0 | 0 |